<?xml version="1.0" encoding="UTF-8"?>
<record
    xmlns:xsi="http://www.w3.org/2001/XMLSchema-instance"
    xsi:schemaLocation="http://www.loc.gov/MARC21/slim http://www.loc.gov/standards/marcxml/schema/MARC21slim.xsd"
    xmlns="http://www.loc.gov/MARC21/slim">

  <leader>01090cam a2200217 a 4500</leader>
  <controlfield tag="001">000002873</controlfield>
  <controlfield tag="005">20200929150257.0</controlfield>
  <controlfield tag="008">890215s1987    ec a          011 0 spa  </controlfield>
  <datafield tag="040" ind1=" " ind2=" ">
    <subfield code="a">DO-SdBNP</subfield>
    <subfield code="c">DLC</subfield>
    <subfield code="d">DLC</subfield>
  </datafield>
  <datafield tag="082" ind1=" " ind2=" ">
    <subfield code="a">526.6</subfield>
    <subfield code="b">C719m</subfield>
  </datafield>
  <datafield tag="111" ind1="2" ind2=" ">
    <subfield code="a">Coloquio Ecuador 86</subfield>
    <subfield code="d">1986 :</subfield>
    <subfield code="c">Quito, Ecuador</subfield>
    <subfield code="9">9124</subfield>
  </datafield>
  <datafield tag="245" ind1="1" ind2="3">
    <subfield code="a">La Misi&#xF3;n Geod&#xE9;sica Francesa :</subfield>
    <subfield code="b">homenaje en su 250 aniversario, discursos pronunciados en la inauguraci&#xF3;n y clausura del "Coloquio Ecuador 86" celebrado en Quito a partir del 7 de julio de 1986.</subfield>
  </datafield>
  <datafield tag="260" ind1=" " ind2=" ">
    <subfield code="a">Quito :</subfield>
    <subfield code="b">Comisi&#xF3;n Nacional Permanente de Conmemoraciones C&#xED;vicas,</subfield>
    <subfield code="b">Casa de la Cultura Ecuatoriana "Benjam&#xED;n Carri&#xF3;n",</subfield>
    <subfield code="c">1987.</subfield>
  </datafield>
  <datafield tag="300" ind1=" " ind2=" ">
    <subfield code="a">242 p. :</subfield>
    <subfield code="b">il. ;</subfield>
    <subfield code="c">18 cm.</subfield>
  </datafield>
  <datafield tag="650" ind1=" " ind2="4">
    <subfield code="a">Geod&#xE9;sica</subfield>
    <subfield code="z">Ecuador</subfield>
    <subfield code="x">Congreso</subfield>
    <subfield code="9">9125</subfield>
  </datafield>
  <datafield tag="610" ind1="2" ind2="4">
    <subfield code="a">MISI&#xD3;N GEOD&#xC9;SICA FRANCESA</subfield>
    <subfield code="x">CONGRESOS Y ASAMBLEAS</subfield>
    <subfield code="9">9126</subfield>
  </datafield>
  <datafield tag="650" ind1=" " ind2="4">
    <subfield code="a">Geod&#xE9;sica</subfield>
    <subfield code="y">SIGLO XVIII</subfield>
    <subfield code="x">Congresos y asamblea</subfield>
    <subfield code="9">9127</subfield>
  </datafield>
  <datafield tag="710" ind1="1" ind2=" ">
    <subfield code="a">Ecuador.</subfield>
    <subfield code="b">Comisi&#xF3;n Nacional Permanente de Conmemoraciones C&#xED;vicas.</subfield>
    <subfield code="9">9128</subfield>
  </datafield>
  <datafield tag="710" ind1="2" ind2=" ">
    <subfield code="a">Casa de la Cultura Ecuatoriana "Benjam&#xED;n Carri&#xF3;n."</subfield>
    <subfield code="9">9129</subfield>
  </datafield>
  <datafield tag="910" ind1=" " ind2=" ">
    <subfield code="a">Catalogaci&#xF3;n por copia / LC</subfield>
  </datafield>
  <datafield tag="952" ind1=" " ind2=" ">
    <subfield code="0">0</subfield>
    <subfield code="1">0</subfield>
    <subfield code="5">2</subfield>
    <subfield code="7">0</subfield>
    <subfield code="8">MO</subfield>
    <subfield code="a">GR</subfield>
    <subfield code="b">GR</subfield>
    <subfield code="c">CT</subfield>
    <subfield code="d">2009-07-04</subfield>
    <subfield code="i">LF1</subfield>
    <subfield code="l">0</subfield>
    <subfield code="o">526.6 C719m</subfield>
    <subfield code="p">2873-10</subfield>
    <subfield code="r">2020-06-25</subfield>
    <subfield code="w">2020-06-25</subfield>
    <subfield code="y">2</subfield>
    <subfield code="Z">Pr&#xE9;stamo interno</subfield>
  </datafield>
  <datafield tag="999" ind1=" " ind2=" ">
    <subfield code="c">2707</subfield>
    <subfield code="d">2707</subfield>
  </datafield>
</record>
